000 00589cam a2200169 i 4500
005 20251116121738.0
008 250721q9999 ua gr 000 0 ara d
082 1 4 _a210
_bب ق ر
100 1 _aبقري، أحمد ماهر
_eمؤلف.
245 1 2 _aالإسلام والحق /
_cالدكتور أحمد ماهر البقري.
264 3 1 _aالإسكندرية :
_bمؤسسة شباب الجامعة،
_c[بين 2005 و 2015].
300 _a159صفحة.
650 1 7 _aالإسلام.
650 1 7 _aالشريعة الإسلامية.
942 _2ddc
_cBK
999 _c79279
_d79279